| 000 | 00457cam a22001574a 4500 | ||
|---|---|---|---|
| 020 | _a0631214399 (alk. paper) | ||
| 020 | _a0631214402 (pbk. : alk. paper) | ||
| 041 | _aENG | ||
| 082 | 0 | 0 |
_a230 _bWIL |
| 100 | 1 | _aWilliams, Rowan, | |
| 245 | 1 | 0 | _aOn Christian Theology :Challenges in contemporary theology |
| 260 |
_aOxford, UK ; _aMalden, Mass. : _bBlackwell Publishers, _c2000. |
||
| 300 | _axvi, 310 p. ; | ||
| 650 | 0 | _aTheology, Doctrinal. | |
| 942 | _cBK | ||
| 999 |
_c22448 _d22448 |
||